|
|
|
|
| LEADER |
01209nam a22003137a 4500 |
| 001 |
35708 |
| 003 |
BD-DhAAL |
| 005 |
20211129154522.0 |
| 008 |
190922t2003 enk||||| b||| 001 0 eng d |
| 999 |
|
|
|c 41349
|d 41349
|
| 020 |
|
|
|a 9780335210077
|
| 020 |
|
|
|a 0335210082
|
| 020 |
|
|
|a 0335210074
|
| 040 |
|
|
|a BD-DhAAL
|
| 082 |
|
|
|2 21
|a 371.33
|
| 100 |
|
|
|a Buckingham, David
|9 35050
|
| 245 |
|
|
|a Education, entertainment and learning in the home /
|c David Buckingham and Margaret Scanlon.
|
| 260 |
|
|
|a Buckingham [England] :
|b Open University Press,
|c 2003.
|
| 300 |
|
|
|a 202 pages ;
|c 22 cm.
|
| 504 |
|
|
|a Includes bibliographical references and indexes.
|
| 526 |
|
|
|a BIED
|
| 541 |
|
|
|a Complimentary copy from BIED
|e 35708
|
| 650 |
|
|
|a Mass media and education
|z Great Britain.
|9 35051
|
| 650 |
|
|
|a Home and school.
|z Great Britain.
|9 35052
|
| 650 |
|
|
|a Home and school.
|9 35053
|
| 700 |
|
|
|a Scanlon, Margaret
|9 35054
|
| 852 |
|
|
|a Ayesha Abed Library
|c BIED Collection
|
| 942 |
|
|
|2 ddc
|c BK
|
| 952 |
|
|
|0 0
|1 0
|2 ddc
|4 0
|6 371_330000000000000_BUC
|7 0
|9 66453
|a BRACUL
|b BRACUL
|c GEN
|d 2019-09-22
|e Complimentary copy from BIED
|l 0
|o 371.33 BUC
|p 3010035708
|r 2019-09-22
|t 1
|w 2019-09-22
|y BK
|x Transferred from BIED to General Stacks
|